000 00321cam a22001097a 4500
008 180718b xxu||||| |||| 00| 0 eng d
082 _aR8x5-48/sr31
100 _aSarvaloganayagam, V.
245 _aTrade unions in Sri Lanka
_cby V. Sarvaloganayagam
260 _aCeylon
_bAcademy of Administrative Studies
_c
300 _aix, 48p
999 _c496456
_d496456